000 00568nam a2200169Ia 4500
008 090711s9999 xx 000 0 und d
082 _b41849
100 _aबोरकर बाळउाgऎष्ण भ.
245 _aजीवन संगीत
260 _b"कर्नाटक प्रेस,"
_c1937
300 _a83
600 _aबोरकर बाळउाgऎष्ण भ.
630 _aजीवन संगीत
700 _aबोरकर बाळउाgऎष्ण भ.
730 _aजीवन संगीत
942 _cBOOK
999 _c290449
_d290449